| 000 | 00538cam a2200169 a 4500 | ||
|---|---|---|---|
| 020 | _a0521403529 | ||
| 040 | _cDLC | ||
| 082 | 0 | 0 | _a952 CAM 1993 A100 Or. |
| 245 | 0 | 4 | _aThe Cambridge encyclopedia of Japan / |
| 260 |
_aNew York : _bCambridge University Press, _c1993. |
||
| 300 |
_a400 p. : _bcol. ill. ; _c29 cm. |
||
| 700 | 1 | _aBowring, Richard John, | |
| 700 | 1 | _aKornicki, Peter F. | |
| 856 | 4 | 2 | _uhttp://www.loc.gov/catdir/description/cam025/92008167.html |
| 856 | 4 | 1 | _uhttp://www.loc.gov/catdir/toc/cam028/92008167.html |
| 942 | _cEK | ||
| 999 |
_c11686 _d11686 |
||